00972nam a22002057a 450000500170000000800400001702000150005705000200007224502840009225000110037626000410038730000220042865000450045065000320049570000430052771000380057094200130060899900190062195201260064020170324124915.0170324b sp||||| |||| 00| 0 spa d a849772200004aHM771bD47 200300aDerechos fundamentales, movimientos sociales y participación : Aportaciones al debate sobre la ciudadanía / coord. José Martínez de Pison, Andrés García Inda.bAportaciones al debate sobre la ciudadanía / ccoord. José Martínez de Pison, Andrés García Inda. a1a ed. aMadrid, España: bDykinson, c2003 a265 p. ; c21 cm. 4aDerechos HumanosxParticiapción Social 4aDerechos HumanosxCongresos1 aMartínez de Pison , José, ecoord.1 aGarcía Inda, Andrés,e coord. 2lcccLIB c130958d130958 102lcc4070aLIC-020bLIC-020cGENERALd2017-03-24f1a edkEHoHM771 D47 2003pBFF000021706r2017-03-24 00:00:00t1yLIB